| 000 | 00322nam a2200121Ia 4500 | ||
|---|---|---|---|
| 008 | 190216s9999||||xx |||||||||||||| ||und|| | ||
| 100 | _aVallathol Narayanamenon
 | ||
| 245 | 0 | _aSahithya Manjari Vol 10 | |
| 260 |
_b"Vallathol Grandhalayam, Cheruthuruthi" _c1983 |
||
| 300 | _a80p | ||
| 650 | _aKavithkal | ||
| 942 | _cBK | ||
| 999 |
_c24183 _d24183 |
||